书目信息 |
| 题名: |
宏观经济学
|
|
| 作者: | 多恩布施 , Dornbusch , 费希尔 , Fischer 著 ;李庆云 , 刘文忻校 译 | |
| 分册: | ||
| 出版信息: | 北京 中国人民大学出版社 1997 |
|
| 页数: | 595页 | |
| 开本: | 26cm | |
| 丛书名: | 经济科学译丛 | |
| 单 册: | ||
| 中图分类: | F015 | |
| 科图分类: | ||
| 主题词: | 宏观经济学 | |
| 电子资源: | ||
| ISBN: | 7-300-02389-4 | |
| 000 | 01173nam0 2200349 45 | |
| 001 | 0198010133 | |
| 005 | 20031219104103.5 | |
| 010 | @a7-300-02389-4@dCNY63.00 | |
| 100 | @a19980213d1997 kemy0chiy0121 ea | |
| 101 | 1 | @achi@ceng |
| 102 | @aCN@b110000 | |
| 105 | @ay igz 001yy | |
| 106 | @ar | |
| 200 | 10 | @a宏观经济学@Ahong guan jing ji xue@f(美)R.多恩布什(Rudiger Dornbusch),(美)S.费希尔(Stanley Fischer)著@F(Mei)R.Duo En Bu Shen(Rudiger Dornbusch),(Mei)S.Fei Xi Er(Stanley Fischer)Zhu@g李庆云,刘文忻校译 |
| 210 | @a北京@c中国人民大学出版社@d1997 | |
| 215 | @a595页@d26cm | |
| 225 | 2 | @a经济科学译丛 |
| 300 | @a美国麦格鲁—希尔公司提供版权 | |
| 304 | @a著者通译:R.多恩布施 | |
| 410 | 0 | @120010@a经济科学译丛 |
| 454 | @12001 @aMacroeconomics@1205 @a6版 | |
| 510 | 1 | @aMacroeconomics@zeng |
| 606 | @a宏观经济学 | |
| 690 | @aF015@v4 | |
| 701 | 1 | @a多恩布施@Aduo en bu shi@bR.@4著 |
| 701 | A1 | @aDornbusch@bRudiger@4著 |
| 701 | 1 | @a费希尔@Afei xi er@bS.@4著 |
| 701 | A1 | @aFischer@bStanley@4著 |
| 702 | 0 | @a李庆云@ALi Qing Yun@4译 |
| 702 | 0 | @a刘文忻校@ALiu Wen Xin Xiao@4译 |
| 801 | @aCN@bTSTC@c20030116 | |
| 905 | @b319544@dF015@e163=6@f1 | |
| 宏观经济学/(美)R.多恩布什(Rudiger Dornbusch),(美)S.费希尔(Stanley Fischer)著/李庆云,刘文忻校译.-北京:中国人民大学出版社,1997 |
| 595页;26cm.-(经济科学译丛) |
| 美国麦格鲁—希尔公司提供版权 |
| ISBN 7-300-02389-4:CNY63.00 |
| ● |
| 相关链接 |
|
|
|
|
正题名:宏观经济学
索取号:F015/163=6
 
预约/预借
| 序号 | 登录号 | 条形码 | 馆藏地/架位号 | 状态 | 备注 |
| 1 | 0319544 | 203195443 | 第一样本阅览室/ [索取号:F015/163=6] | 在馆 |